000 00583nam a2200205 a 4500
001 000010798
005 20200929162308.0
008 091012s2000 sp a 001 0 spa d
020 _a8474325471
040 _aDO-SdBNP
082 _aS822
100 1 _aSteiner, George
_926088
245 1 0 _aAntígonas :
_bla travesía de un mito universal por la historia de occidente /
_cGeorge Steiner.
250 _a2a ed.
260 _aBarcelona :
_bGedisa,
_c2000.
300 _a373 p. :
_bil ;
_c20 cm.
534 _aAntigones
700 1 _aBixio, Alberto L.
_etrad.
_95181
049 _aBNPD
999 _c10547
_d10547